ARRUPE JESUIT UNIVERSITY

CORONAVIRUS -STOP THE SPREAD - CLEAN,DISINFECT,COVER

Revolt in Southern Rhodesia, 1896-7: (Record no. 131792)

MARC details
000 -LEADER
fixed length control field 00929cam a22002771 4500
001 - CONTROL NUMBER
control field 7549936
003 - CONTROL NUMBER IDENTIFIER
control field ARRUPE
005 - DATE AND TIME OF LATEST TRANSACTION
control field 20240215111018.0
008 - FIXED-LENGTH DATA ELEMENTS--GENERAL INFORMATION
fixed length control field 810627s1967 enkbf 000 0 eng
010 ## - LIBRARY OF CONGRESS CONTROL NUMBER
LC control number 67111049
015 ## - NATIONAL BIBLIOGRAPHY NUMBER
National bibliography number B67-21542
035 ## - SYSTEM CONTROL NUMBER
System control number (OCoLC)7535798
040 ## - CATALOGING SOURCE
Original cataloging agency DLC
Transcribing agency FTaSU
Modifying agency FTaSU
-- OCoLC
-- NN
-- Uk
-- DLC
050 00 - LIBRARY OF CONGRESS CALL NUMBER
Classification number DT962.7
Item number .R35
082 ## - DEWEY DECIMAL CLASSIFICATION NUMBER
Classification number 968.689/1
300 ## - PHYSICAL DESCRIPTION
Other physical details 12 plates (incl. facsims.), maps.
Dimensions 23 cm.
100 1# - MAIN ENTRY--PERSONAL NAME
Personal name Ranger, T. O.
9 (RLIN) 31913
245 10 - TITLE STATEMENT
Title Revolt in Southern Rhodesia, 1896-7:
Remainder of title a study in African resistance,
Statement of responsibility, etc by T. O. Ranger.
260 ## - PUBLICATION, DISTRIBUTION, ETC. (IMPRINT)
Place of publication, distribution, etc London,
Name of publisher, distributor, etc Heinemann,
Date of publication, distribution, etc 1967.
300 ## - PHYSICAL DESCRIPTION
Extent xii, 403 p.
504 ## - BIBLIOGRAPHY, ETC. NOTE
Bibliography, etc Bibliographical footnotes.
650 #0 - SUBJECT ADDED ENTRY--TOPICAL TERM
Topical term or geographic name as entry element Indigenous peoples
Geographic subdivision Zimbabwe.
9 (RLIN) 10425
651 #0 - SUBJECT ADDED ENTRY--GEOGRAPHIC NAME
Geographic name Zimbabwe
General subdivision Race relations.
9 (RLIN) 8885
651 #0 - SUBJECT ADDED ENTRY--GEOGRAPHIC NAME
Geographic name Zimbabwe
General subdivision History
Chronological subdivision Chimurenga War, 1896-1897.
9 (RLIN) 52417
906 ## - LOCAL DATA ELEMENT F, LDF (RLIN)
a 7
b cbc
c oclcrpl
d u
e ncip
f 19
g y-gencatlg
942 ## - ADDED ENTRY ELEMENTS (KOHA)
Source of classification or shelving scheme Library of Congress Classification
Koha item type Monograph ( Printed materials)
Holdings
Withdrawn status Lost status Source of classification or shelving scheme Damaged status Not for loan Collection code Home library Current library Shelving location Date acquired Total Checkouts Full call number Barcode Date last seen Price effective from Koha item type
    Library of Congress Classification     Main Collection ARRUPE LIBRARY ARRUPE LIBRARY Main Collection 15/02/2024   DT962.7 .R35 46700000333 15/02/2024 15/02/2024 Monograph ( Printed materials)

 

Arrupe Library. PO Box MP320 Mt Pleasant, Harare, Zimbabwe
263 242 745411|librarian@aju.ac.zw